• 首页
  • 本馆介绍
  • 公告通知
  • 最新文献
  • 馆藏检索
  • 电子资源
  • 读者导购
  • 参考咨询
  • 我的图书馆
  • 登录
  • 详细信息显示
  • 放入我的书架
  • 预约/预借图书
  • 作者相关作品
  • 分类相关作品
  • 丛书相关作品
  • 出版社相关作品

书目信息

  • 表格格式
  • 工作单格式
  • 卡片格式
题名:
聊斋故事演义
    
 
作者: 刘肇霖 著 ;澜波 改编
分册:  
出版信息: 北京   新华出版社  1982.9
页数: 466页
开本: 19cm
丛书名:
单 册:
中图分类: I242.3
科图分类:
主题词: 小说--中国
电子资源:
ISBN:
000 00601nam0 2200217 45
001 0312221749
005 20040420151307.5
010    @dCNY1.20
091    @a10203.075
100    @a20031222d1982 km y0chiy0120 ea
101    @achi
105    @a z 000yy
200 1  @a聊斋故事演义@ALiao Zhai Gu Shi Yan Yi@f刘肇霖著@FLiu Zhao Lin Zhu@g澜波等改编
210    @a北京@c新华出版社@d1982.9
215    @a466页@d19cm
606 0  @a小说@x中国
690    @aI242.3@v3
701 0  @a刘肇霖@4著
702  0 @a澜波@ALan Bo@4改编
801    @aCN@bTSTCL@c20031222
905    @dI242.3@e1@f1@b80608@b80610@f1@f1@b80613
    
    聊斋故事演义/刘肇霖著/澜波等改编.-北京:新华出版社,1982.9
    466页;19cm
    
    
    ISBN :CNY1.20
    
●
相关链接 在E读中查询图书 在五车中查询图书 在当当中查询图书 在豆瓣中查询图书


正题名:聊斋故事演义     索取号:I242.3/1         预约/预借

序号 登录号 条形码 馆藏地/架位号 状态 备注
1 0080606   001592636   第二借阅区/ [索取号:I242.3/1] 在馆    
2 0080607   001738294   密集书库/ [索取号:I242.3/1] 在馆    
3 0080608   000183090   第二借阅区/ [索取号:I242.3/1] 在馆    
4 0080609   001504688   第二借阅区/ [索取号:I242.3/1] 在馆    
5 0080610   000180887   第二借阅区/ [索取号:I242.3/1] 在馆    
6 0080611   001738203   密集书库/ [索取号:I242.3/1] 在馆    
7 0080612   001738169   密集书库/ [索取号:I242.3/1] 在馆    
8 0080613   000180832   第二借阅区/ [索取号:I242.3/1] 在馆    
9 0080614   000180823   第二借阅区/ [索取号:I242.3/1] 在馆    
10 0080615   000180850   第一样本阅览室/ [索取号:I242.3/1] 在馆    
唐山师范学院图书馆 欢迎您!
大连网信软件有限公司© 版权所有